Państwa według opisu z Wikipedii #2 - Statystyki

Ogólne statystyki
  • Ten quiz został rozwiązany 4 710 razy
  • Średni wynik to 10 z 20
Statystyki odpowiedzi
Wskazówka Odpowiedź % Poprawnych
Jest jedną z najstarszych cywilizacji na świecie, założona w okolicach rzeki Huang He (Rzeki Żółtej) Chiny
97%
Długi i wąski kraj leżący w okolicach Południowego Stożka Ameryki Południowejoraz w zachodniej części Andów Chile
95%
Największe państwo które jest w pełni w Europie Ukraina
89%
Graniczy z Rumunią na północy, z Serbią i Macedonią Północną na zachodzie i z Grecją oraz Turcją na południu Bułgaria
73%
Więcej niż 6 milionów obywateli, w tym 90% Żydów tego kraju, zginęło w wojnie Polska
72%
Wyspiarskie państwo położone na Oceanie Indyjskim, około 400km odbrzegu wschodniej części Afryki Madagaskar
67%
Przed rewolucją Fielda Castro w 1959r., to państwo było jednym z najbardziej rozwiniętych i cieszących się powodzeniem w Ameryce Łacińskiej Kuba
65%
Najbardziej zaludnione państwo, w którym hiszpański jest językiem urzędowym Meksyk
60%
W 2014r., 30% mieszkańców tego państwa było milionerami Monako
60%
Twierdzi, że Sahara Zachodnia jest częścią jego terytorium Maroko
53%
Zmiana nazwy tego państwa wciąż pozostaje kwestią sporną. Wiele grup, krajów opozycji politycznej i etnicznej nadal używa określenia „Birma”. Mjanma
53%
Zbudowali kościół w każdym mieście i zamienili niektóre Inkaskie świątynie na kościoły, takich jak Coricancha w mieście Cusco Peru
48%
To państwo (i jego tereny) doświadczyło wiele wojen, w tym wojny wywołane przez Aleksandra Wielkiego, Maurjów, islamskich Arabów, Mongołów, Brytyjczyków, Sowietów, i najbardziej niedawno przez amerykańską koalicję Afganistan
42%
Grupa wojskowych rebeliantów dowodzona przez Muammara Gaddafiegowykonała zamach stanu na króla Idrisa Libia
39%
Wyspa tego państwa była znana z miejsca zamieszkania ptaka dodo Mauritius
24%
To państwo zamieszkuje 9,2 miliona ludzi, z czego 1,4 miliona są obywatelami państwa, a 7,8 miliona są mieszkańcami przyjezdnymi Zjednoczone EmiratyArabskie
24%
Centrum siły tego dawnego imperium, to było Angkor Kambodża
23%
To państwo zostało założone w 1819r. jako centrum handlowe Brytyjskiej Kompanii Wschodnioindyjskiej Singapur
21%
To państwo jest aktualnie zależne na drogich importach żywności,głównie z Portugalii oraz z RPA Angola
19%
Leży na równiku oraz nad Wielkim Rowem Wschodnim Kenia
19%
Nie znaleziono quizów pasujących do podanych kryteriów
Rozkład punktacji
Procent ludzi z każdym wynikiem
Percentyl według liczby udzielonych odpowiedzi
Twoja historia wyników
Nie rozwiązałeś tego quizu